000 00644nam a22001817a 4500
003 OSt
005 20140310182457.0
008 130806t xxu||||| |||| 00| 0 eng d
020 _a9780323044042
050 _aRC 582
_b.R498 2009
110 _aElsevier Limited
_98453
245 _aClinical immunology :
_bprinciples and practice /
_cRobert R. Richman, Thomas A. Fleisher, William T. Shearer, Karry W. Schroader Jr, Snthonay J. Frew, Cornelia M. Weyand.
260 _aPhiladelphia, USA :
_bElservier Limited,
_cc2009.
300 _a1578 p. ;
_bill. col. ;
_c25 cm.
710 _aElsevier Limited
_98454
942 _2lcc
_cSSLC
999 _c13757
_d13757